000 01317cam a22003617a 4500
003 CHAP
005 20220329133524.0
008 971013s1989 r 00010 d
010 _a7365
011 _a8337
035 _a7563
040 _cCHAP
090 _aFolleto 13960
100 0 0 _aTalavera Siles, Francisco Telémaco.
_9111403
245 0 _aAssessment of the impacts of P and N fertilizers on common beans (Phaseolus vulgaris L.) grown in a volcanic soil in pot and field experiments
260 _aUppsala, Sweden :
_bSwedish University of Agricultural Sciences. Department of Socil Science,
_c1989
300 _a10 p.
490 0 _aReports and dissertations
_v; 2
500 _a63-82
590 _aBATCH-UPD
_b10
_c20130110
_lUCH01
_h0227
590 _aBATCH-UPD
_b10
_c20130110
_lUCH01
_h1920
590 _aBATCH-UPD
_b10
_c20130409
_lUCH01
_h2249
590 _aBATCH-UPD
_b10
_c20130410
_lUCH01
_h1246
590 _aBATCH-UPD
_b10
_c20130914
_lUCH01
_h1839
590 _aCONVERSION
_b10
_c20130109
_lUCH01
_h1305
650 1 4 _aNitrógeno
_xEfecto en frijol.
_981436
650 1 4 _aPotasio
_xEfecto en frijol.
_991097
650 1 4 _aSuelos volcánicos.
_9110567
830 0 _aReports and dissertations
_v; 2
_996012
901 _aBK
942 _cFOLL
949 _aFolleto 13960
_bBC
_cFOLL
_d-17391
_eTS1
_i7563
_mD
_si
999 _c7365
_d7365